Formes des pays sur la carte du monde n°2 - Statistiques

Statistiques générales
  • Ce quiz a été pris 39 496 fois
  • Le résultat moyen est 17 sur 20
Réponses sur la Carte
Les réponses sont colorées sur une échelle allant du rouge au vert en fonction du pourcentage des utilisateurs qui les ont devinées à leur premier essai. Vous pouvez retrouver ces pourcentages ci-dessous.
 
Statistiques - réponses
Pays % Correct
Canada
100%
Espagne
99%
Algérie
98%
Japon
98%
Égypte
96%
Finlande
96%
Islande
96%
Grèce
95%
Indonésie
92%
Bolivie
88%
Équateur
86%
Iran
86%
Viêt Nam
85%
Yémen
84%
Guyana
81%
Ouzbékistan
75%
Nigeria
74%
République dominicaine
74%
Soudan du Sud
71%
Botswana
67%
Aucun quiz correspondant
Distribution des résultats
% des personnes avec chaque résultat
Percentile par nombre de réponses
Votre historique - résultats
Vous n’avez pas pris ce quiz